| 000 | 004560000a22001810004500 | ||
|---|---|---|---|
| 003 | MACL | ||
| 005 | 20151018163730.0 | ||
| 008 | 151018b xxu||||| |||| 00| 0 eng d | ||
| 040 |
_aMACL _cMACL |
||
| 041 | _aEnglish | ||
| 082 | _a954/GUP | ||
| 100 |
_aSamsad, Sahitya _912809 |
||
| 245 |
_aIndia Wrests Freedom _bSubodh Chandra sen Gupta |
||
| 260 |
_bSahitya Akademi _c1982 _aCalcutta |
||
| 350 | _a70 | ||
| 650 |
_aHistory _915964 |
||
| 942 |
_cBK _k954 _2ddc |
||
| 999 |
_c6939 _d6939 |
||